000 00335nam a2200133Ia 4500
008 240624s9999 xx 000 0 und d
041 _aeng
082 _a823 DAL
100 _aDALRYMPLE WILLIAM
245 _aRETURN OF A KING AN INDIAN ARMY IN AFGHA
260 _c2014
_aNew Delhi
_bBloomsbury
300 _a608 : p.
365 _cRS
_b30
999 _c28094
_d28094